Common purpose (Record no. 74443)

MARC details
000 -LEADER
fixed length control field 00781cab a2200181 4500
001 - CONTROL NUMBER
control field ABS67958
008 - FIXED-LENGTH DATA ELEMENTS--GENERAL INFORMATION
fixed length control field 040625n2004 000 0 eng u
035 ## - SYSTEM CONTROL NUMBER
System control number (Sirsi) u126608
041 ## - LANGUAGE CODE
Language code of text/sound track or separate title eng
100 ## - MAIN ENTRY--PERSONAL NAME
Personal name Hansford, M.
245 ## - TITLE STATEMENT
Title Common purpose
260 ## - PUBLICATION, DISTRIBUTION, ETC.
Date of publication, distribution, etc. 2004
490 ## - SERIES STATEMENT
Series statement New Civil Engineer
Volume/sequential designation 3 June 2004, 24-25(2)
520 ## - SUMMARY, ETC.
Summary, etc. Reports on the progress of collaborative technology in the construction industry. Project collaboration software is now moving towards an industry standard although take up has been slower than predicted. Increasing use of collaborative software should increase the industry's efficiency as contractors no longer need to adjust to new software with each new client.
590 ## - LOCAL NOTE (RLIN)
Local note ABS
690 ## - LOCAL SUBJECT ADDED ENTRY--TOPICAL TERM (OCLC, RLIN)
Topical term or geographic name as entry element Project management
9 (RLIN) 6261
942 ## - ADDED ENTRY ELEMENTS (KOHA)
Suppress in OPAC 0
Holdings
Withdrawn status Lost status Source of classification or shelving scheme Damaged status Not for loan Home library Current library Shelving location Date acquired Total Checkouts Full call number Barcode Date last seen Copy number Price effective from Koha item type
    Dewey Decimal Classification     London London Journal article 25/06/2004   ABS67958 126608-1001 06/08/2019 1 06/08/2019 Journal article